00874nam a2200241Ia 4500001000600000003000900006008004100015040001300056040001300069041001300082100001100095100002900106245005000135245005000185250001100235260001200246260003400258260004900292300005700341500017900398650002400577650003100601A8174IT-RoPAU130308s9999 xx 000 0 und d aIT-RoPAU cIT-RoPAU aITALIANO aAA.VV. gCodice Aut. SPICS: 12000 aChiesa locale e inculturazione nella missione bChiesa locale e inculturazione nella Missione a1a ed. aBOLOGNA bEditrice Missionaria Italiana c1987 [1° Ed.:1987 - Ed.Ling.Originale:1987] a"390 p. (prefazione: no ; testo: 390 [pagine: 0-0])" aContributi di Autori vari Sulla Missionologia e Chiesa in Rapporto Alla Missione. Dimensione Teologica e Pastorale. Dimensione Storica. Dimensione Ecumenica e Interreligiosa. aPASTORALE E CULTURE eCodice materia Spics: 9302